01089cam a22001691 4500082002000000100001900020245002700039260004400066300005100110500027400161500036100435526003700796650000800833650002300841700003500864700002000899 a355.009244bMAU1 aMaurois, Ander10aMarshal Lyautey/b;c; aLondon,bG. Allen & Unwin, ltd.c[1931] a289 p., 1 l.bfront. (port.) pl., map.c23 cm. a"Translated from the first French edition o Chroniques de Gomes Eannes de Azurara, in the series 'Les grands navigateurs et colons portugais du XVe et du XVIe siècles: anthologie des écrits de lʼépoque par Virginia de Castro et Almeida' ... Paris, 1934."- p. [4] aAn abridgment of the Portuguese originals, Chronica do descobrimento e conquista de Guiné ... illustrada com algumas notas pelo visconde de Santarem ... Pariz, 1841, 3. pte.; and Chronica de el-rei d. João I, por Fernão Lopez, 3. pte., "em que se contem a Tomada de Ceuta, composta por Gomes Eannes de Azurara." (cf. the edition of Lisbon, 1897-1900) a0b0c0d355_009244000000000_MAU 0aMCE 0aPortuguesezAfrica1 aAlmeida, Virginia de Castro e,1 aMiall, Bernard,